Catálogo

Vista normal Vista MARC

Entrada Personal Name

Número de registros utilizados en: 1

001 - CONTROL NUMBER

  • control field: 10146

003 - CONTROL NUMBER IDENTIFIER

  • control field: DLC

005 - DATE AND TIME OF LATEST TRANSACTION

  • control field: 20250129131423.0

008 - FIXED-LENGTH DATA ELEMENTS

  • fixed length control field: 950104n| azannaabn |a aaa

010 ## - LIBRARY OF CONGRESS CONTROL NUMBER

  • LC control number: n 95000833

035 ## - SYSTEM CONTROL NUMBER

  • System control number: (OCoLC)oca03747939

040 ## - CATALOGING SOURCE

  • Original cataloging agency: DLC
  • Language of cataloging: spa
  • Description conventions: rda
  • Transcribing agency: Mx-PuUPA
  • Modifying agency: DLC
  • Modifying agency: OCoLC
  • Modifying agency: UPB
  • Modifying agency: Mx-PuUPA

046 ## - SPECIAL CODED DATES

  • Birth date: 1952
  • Source of date scheme: edtf

100 1# - HEADING--PERSONAL NAME

  • Personal name: Santana, Adalberto,
  • Dates associated with a name: 1952-

371 ## - ADDRESS

  • Electronic mail address: asantana@unam.mx

373 ## - ASSOCIATED GROUP

  • Associated group: Universidad Nacional Autónoma de México. Centro de Investigaciones sobre América Latina y el Caribe

374 ## - OCCUPATION

  • Occupation: Profesores universitarios
  • Source of term: lcsh

374 ## - OCCUPATION

  • Occupation: Autor
  • Source of term: lcsh

375 ## - GENDER

  • Gender: hombre

377 ## - ASSOCIATED LANGUAGE

  • Language code: spa

378 ## - FULLER FORM OF PERSONAL NAME

  • Fuller form of personal name: Santana Hernández

400 1# - SEE FROM TRACING--PERSONAL NAME

  • Personal name: Santana Hernández, Adalberto
  • Dates associated with a name: 1952-

400 1# - SEE FROM TRACING--PERSONAL NAME

  • Personal name: Hernández, Adalberto Santana
  • Dates associated with a name: 1952-

670 ## - SOURCE DATA FOUND

  • Source citation: Belice, 1993:
  • Information found: t.p. (Adalberto Santana) p. 230 (Adalberto Santana Hernández)

670 ## - SOURCE DATA FOUND

  • Source citation: José Martí y nuestra América, 2013:
  • Information found: title page (Adalberto Santana) Mexican CIP (access point: Santana, Adalberto, 1952-) front flap (Adalberto Santana is director and researcher at the Centro de Investigaciones sobre América Latina y el Caribe (CIALC) at UNAM. Is author and coordinator of books about the political and cultural reality of our America, among the most recent are the following: El pensamiento de Francisco Morazán (2007), Benito Juárez en América Latina y el Caribe (2006), Setenta años de Cuadernos Americanos, 1942-2012 (2013), El pensamiento latinoamericano y el centenario de Leopoldo Zea, 1912-2012 (2013), Diálogo intercultural latinoameriano (2014) and Minorias sociales en América Latina en la era de la globalización (2014)) page 332 (email address: asantana@unam.mx)

670 ## - SOURCE DATA FOUND

  • Source citation: Bemito Juárez y Cuba, 2007:
  • Information found: t.p. (Adalberto Santana) de portada

670 ## - SOURCE DATA FOUND

  • Source citation: Biblioteca del congreso (Estados Unidos), 22 octubre 2019:
  • Information found: Catálogo electrónico
  • Uniform Resource Identifier: http://bit.ly/2JdjpLv